| 000 | 00532nam a22001697a 4500 | ||
|---|---|---|---|
| 003 | OSt | ||
| 005 | 20251112120051.0 | ||
| 008 | 251112b |||||||| |||| 00| 0 eng d | ||
| 020 | _a1563990954 | ||
| 040 | _cNEW LIFE PUBLICATIONS | ||
| 050 |
_aBR 526 .B75 1998 _b.B75 1998 |
||
| 245 |
_aRED SKY IN THE MORNING: _bHOW YU CAN PREVENT AMERICA'S GATHERING STORMS/ _cBRIGHT BILL |
||
| 250 | _a1ST EDITION | ||
| 260 |
_aORLANDO : _bNEW LIFE PUBLICATIONS, _c1998. |
||
| 300 |
_a335 pages.: _bhardcover, som ill, _c23.6 cm |
||
| 942 |
_2lcc _cBK _n0 |
||
| 999 |
_c9772 _d9772 |
||